Words Within Words 'F' Blitz Quiz Stats

 Plays Quiz Updated Dec 1, 2018

Challenge
Share
Tweet
Embed
Score 0/25 Timer 01:30
0 Plays Today
% Correct
ear
93.6%
eel
93.1%
lick
92.7%
owl
92.3%
lying
91.3%
able
89.8%
ill
89.4%
rigid
89.1%
arm
89%
ever
88.6%
uses
88.6%
risk
88%
lung
87.6%
% Correct
right
87.5%
end
86.7%
luster
86.6%
ore
86.3%
lower
86.2%
older
86.1%
are
85.8%
rank
85.1%
action
83.5%
awning
83.5%
lay
79%
inch
77.9%

You're not logged in!

Compare scores with friends on all Sporcle quizzes.
OR
Log In

You Might Also Like...

Show Comments

Extras

Top Quizzes Today


Score Distribution

Your Account Isn't Verified!

In order to create a playlist on Sporcle, you need to verify the email address you used during registration. Go to your Sporcle Settings to finish the process.

Report this User

Report this user for behavior that violates our Community Guidelines.

Details: